| Tag |
First Indicator |
Second Indicator |
Subfields |
| LEADER |
00000cam a2200000 4500 |
| 001 |
in00000217023 |
| 005 |
20151009071504.0 |
| 008 |
790808s1965 ec bf 00000 eng d |
| 010 |
|
|
|a 67048248
|
| 035 |
|
|
|a (OCoLC)05253738
|
| 035 |
|
|
|9 AAY7636AM
|
| 040 |
|
|
|a TXA
|c TXA
|d UtOrBLW
|
| 041 |
0 |
|
|a eng
|a spa
|
| 049 |
|
|
|a TXAM
|c [920689]
|
| 090 |
|
|
|a F3781
|b .C3
|
| 100 |
1 |
|
|a Di Capua, Costanza.
|
| 245 |
1 |
0 |
|a Quito colonial /
|c [Traduccion al ingles por Jene Fried.
|
| 264 |
|
1 |
|a Quito :
|b Tall. Graf., Life,
|c 1965]
|
| 300 |
|
|
|a 61 pages :
|b color plates, map.
|
| 336 |
|
|
|a text
|b txt
|2 rdacontent
|
| 337 |
|
|
|a unmediated
|b n
|2 rdamedia
|
| 338 |
|
|
|a volume
|b nc
|2 rdacarrier
|
| 500 |
|
|
|a Spanish and English.
|
| 650 |
|
0 |
|a Art
|z Ecuador
|z Quito.
|
| 651 |
|
0 |
|a Quito (Ecuador)
|x Description and travel.
|
| 999 |
|
|
|a MARS
|
| 999 |
f |
f |
|s 3308e887-e9cf-395c-8b84-94f3098fde32
|i 0937aa7f-4ad4-3151-8e4c-75d760059c58
|t 0
|
| 952 |
f |
f |
|p normal
|a Texas A&M University
|b College Station
|c Sterling C. Evans Library
|d Evans: Library Stacks
|t 0
|e F3781 .C3
|h Library of Congress classification
|i unmediated -- volume
|m A14802375254
|
| 998 |
f |
f |
|a F3781 .C3
|t 0
|l Evans: Library Stacks
|